| 000 | 00790nam a22002297a 4500 | ||
|---|---|---|---|
| 005 | 20240530110339.0 | ||
| 008 | 141027s2011 ua gr | 000 0dara d | ||
| 017 |
_a2384/2010 _bمصر . دار الكتب |
||
| 020 | _a9789773277555 | ||
| 040 | _aEG-CaGPL | ||
| 082 | 4 | 0 |
_221 _a810.94\ _bع ت |
| 100 | 0 | _aعلى محمد السيد خليفة | |
| 245 | 1 |
_aتيار الشعوبية فى ادب الجاحظ / _cعلى محمد السيد خليفة |
|
| 250 | _aط1 | ||
| 260 |
_aالاسكندرية : _bدار الوفاء لدنيا الطباعة والنشر ، _c2011 |
||
| 300 |
_a150 ص ؛ _c24 سم |
||
| 600 | 4 | 0 | _aالجاحظ |
| 650 | 4 | 0 | _aالادب العربى |
| 650 | 4 | 0 |
_aالشعوبية _xالادب العربى |
| 942 |
_2ddc _cBK |
||
| 999 |
_c59837 _d59837 |
||